000 00606nam a2200229Ia 4500
003 OSt
005 20221005101700.0
006 a|||||r|||| 00| 0
007 ta
008 221004b |||||||| |||| 00| 0 mal d
024 _a56381
037 _cTextual
040 _aCRL
_cCRL
_bmal
041 _2mal
_amal
082 _aO32,2M57,1, J7
100 _aIyar Mannad
_9622521
245 0 _aJaneki pasinayem
260 _aTrichur
_bV Sundra Iyer India
_c1957
650 _aMALAYALAM DRAMA
_9207189
942 _hO32,2M57,1, J7
_cTEXL
_2cc
999 _c1007198
_d1007198